[Event "AUTO-ADV-2387"]
[Site "http://www.queenalice.com/game.php?id=1022348"]
[Date "2012.1.31"]
[Round "1"]
[White "thewhitebishop"]
[Black "Nando_Oliveira"]
[Result "1-0"]
[WhiteElo "1898"]
[BlackElo "1874"]

1. d4 d5 2. c4 Bf5 3. Nc3 e6 4. Qb3 b6 5. cxd5 exd5 6. Nxd5 Be6 7. Qa4+ c6 8.
Nf4 Bf5 9. d5 Ne7 10. e4 Bd7 11. Qb3 Nc8 12. Nf3 Bd6 13. e5 Bc5 14. Nh5 O-O 15.
Bg5 Be7 16. h4 Bxg5 17. hxg5 Bg4 18. Bd3 Bxf3 19. Nf6+ gxf6 20. Bxh7+ Kh8 21.
Qxf3 fxe5 22. Qh5 1-0

[Event "AUTO-ADV-2387"]
[Site "http://www.queenalice.com/game.php?id=1022349"]
[Date "2012.1.31"]
[Round "1"]
[White "Nando_Oliveira"]
[Black "jupar"]
[Result "0-1"]
[WhiteElo "1873"]
[BlackElo "1834"]

1. e4 e5 2. Bc4 Nc6 3. d3 Nf6 4. Nf3 Be7 5. Nc3 d6 6. Be3 Bg4 7. h3 Be6 8. Bxe6
fxe6 9. a3 O-O 10. Ng5 Qd7 11. O-O Rad8 12. b4 d5 13. Nf3 d4 14. Bd2 dxc3 15.
Bxc3 a6 16. Qd2 h6 17. Bb2 Kh7 18. Rae1 Qe8 19. Nxe5 Nxe5 20. Bxe5 Bd6 21. Bc3
e5 22. Qe3 Nd7 23. Bb2 Qe6 24. c4 b6 25. d4 exd4 26. Qxd4 Be5 27. Qd2 Bxb2 28.
Qxb2 Ne5 29. c5 Nd3 30. Qc2 Nxe1 31. Rxe1 Kh8 32. Re3 Qe5 33. Qe2 b5 34. Rf3
Rfe8 35. Qe3 Rd1+ 0-1

[Event "AUTO-ADV-2387"]
[Site "http://www.queenalice.com/game.php?id=1022350"]
[Date "2012.1.31"]
[Round "1"]
[White "jupar"]
[Black "Nando_Oliveira"]
[Result "0-1"]
[WhiteElo "1876"]
[BlackElo "1875"]

1. e4 e5 2. Nf3 Nc6 3. d4 d5 4. exd5 Qxd5 5. Nc3 Qd6 6. d5 Nce7 7. Bc4 Nf6 8.
O-O Ng6 9. h3 Bd7 10. Bg5 Be7 11. Bxf6 Qxf6 12. Ne4 Qf4 13. d6 Qxe4 14. Bxf7+
Kxf7 15. dxe7 Kxe7 16. Re1 Qf5 17. Qd5 Bc6 18. Qc5+ Kf6 19. Rad1 Rhd8 20. Rxd8
Rxd8 21. c3 a6 22. a4 Rd5 23. Qe3 Rd3 24. Qe2 Bxf3 25. gxf3 Rxf3 26. Qe4 Qxe4
27. Rxe4 Rxh3 28. Rb4 b6 29. Rc4 c5 30. a5 bxa5 31. Rxc5 Nh4 32. Rxa5 Rd3 33.
Rxa6+ Kf5 34. Ra4 Nf3+ 35. Kg2 g5 36. Ra7 h5 37. Rc7 e4 38. b4 Ne1+ 39. Kf1 Nc2
40. b5 Rd6 41. c4 Rb6 42. Ke2 Nd4+ 43. Ke3 Nc2+ 44. Kd2 Na3 45. Ke3 Nc2+ 46. Kd2
Na3 47. Kc3 Kf4 48. Kd4 Rf6 49. Re7 Kf3 50. Re5 Nc2+ 51. Kd5 Kxf2 52. Rxe4 Nb4+
53. Ke5 Rf8 54. c5 Nd3+ 55. Kd5 Kf3 56. Re6 Rf5+ 57. Kd4 Nxc5 58. Re3+ Kf4 59.
Rc3 Ne6+ 60. Kc4 Rc5+ 61. Kb4 Rxc3 62. Kxc3 g4 63. b6 Nd8 64. b7 Nxb7 0-1

[Event "Evron"]
[Site "http://www.queenalice.com/game.php?id=1023363"]
[Date "2012.1.31"]
[Round "-"]
[White "joaobatista"]
[Black "Nando_Oliveira"]
[Result "0-1"]
[WhiteElo "1729"]
[BlackElo "1855"]

1. d4 d5 2. Nf3 Bf5 3. h3 e6 4. a3 Nf6 5. Nc3 Nc6 6. g4 Bg6 7. g5 Ne4 8. Bg2 Bh5
9. Ne5 Nxe5 10. Nxe4 dxe4 11. Bxe4 Nc6 12. c3 Be7 13. h4 h6 14. Bd2 Qd6 15. Qc2
hxg5 16. hxg5 g6 17. O-O-O O-O-O 18. f3 f6 19. gxf6 Bxf6 20. Bxc6 Qxc6 21. Bf4
Rhf8 22. Bh6 Rf7 23. Be3 Qb5 24. a4 Qc6 25. Rhf1 Qd5 26. Bg1 Qf5 27. e4 Qf4+ 28.
Kb1 Bg7 29. Qd3 e5 30. d5 Rd6 31. Bxa7 Ra6 32. Be3 Qf6 33. Bc1 Rxa4 34. b3 Ra7
35. Rf2 Qa6 36. Qxa6 Rxa6 37. Rd3 Rff6 38. Bg5 Rfd6 39. f4 exf4 40. Rxf4 Bf6 41.
Bxf6 Rxf6 42. Rh4 Ra3 43. Kb2 Rfa6 44. c4 Ra2+ 45. Kc3 Rf2 46. Rd2 Rxd2 47. Kxd2
Ra2+ 48. Kc3 Rf2 49. e5 Kd7 50. c5 Rf5 51. Kd4 Rg5 52. e6+ Ke7 53. Rf4 Rg4 54.
Ke4 Rxf4+ 55. Kxf4 Kf6 56. b4 c6 57. dxc6 bxc6 58. Ke4 Kxe6 0-1

[Event "Evron"]
[Site "http://www.queenalice.com/game.php?id=1023367"]
[Date "2012.1.31"]
[Round "-"]
[White "Nando_Oliveira"]
[Black "joaobatista"]
[Result "1-0"]
[WhiteElo "1859"]
[BlackElo "1804"]

1. e4 Nc6 2. Bc4 d6 3. Nf3 a6 4. d3 e5 5. Nc3 h6 6. Be3 b5 7. Bd5 Nge7 8. a3 Bb7
9. h3 Na5 10. Bxb7 Nxb7 11. b4 Ng6 12. O-O Qd7 13. Nd5 Qd8 14. Qd2 Be7 15. Qc3
Bg5 16. Bxg5 hxg5 17. Nxc7+ Kf8 18. Nxa8 Qxa8 19. Nxg5 Nd8 20. Qb3 Ke7 21. Rfe1
Ne6 22. Nxe6 fxe6 23. Qc3 Rc8 24. Qd2 Nf4 25. Re3 d5 26. Rf3 Rd8 27. exd5 Qxd5
28. Qe3 g5 29. Qe4 Qd4 30. Qxd4 Rxd4 31. Re1 Kf6 32. g3 Kf5 33. gxf4 exf4 34.
Re4 Rd6 35. h4 e5 36. hxg5 Rg6 37. Kf1 Rxg5 38. Rh3 Kg4 39. Rh1 Kf5 40. f3 Ke6
41. Rh6+ Kd5 42. c4+ bxc4 43. dxc4# 1-0

[Event "Evron"]
[Site "http://www.queenalice.com/game.php?id=1023368"]
[Date "2012.1.31"]
[Round "-"]
[White "Nando_Oliveira"]
[Black "joaobatista"]
[Result "1-0"]
[WhiteElo "1866"]
[BlackElo "1685"]

1. e4 Nc6 2. Bc4 d6 3. d3 e5 4. Nf3 Bg4 5. h3 Bh5 6. Nc3 Bxf3 7. Qxf3 Qd7 8. Bg5
h6 9. Bh4 Nd4 10. Qd1 g5 11. Bg3 a6 12. Ne2 b5 13. Bd5 c6 14. Nxd4 exd4 15. Bb3
Bg7 16. Qf3 Nf6 17. O-O O-O 18. Rfe1 Rae8 19. Re2 c5 20. a3 a5 21. Rae1 h5 22.
Qf5 h4 23. Qxd7 Nxd7 24. Bxd6 a4 25. Ba2 Kh7 26. Bxf8 Rxf8 27. Bd5 Be5 28. Bc6
Nf6 29. Bxb5 Rb8 30. Bxa4 Rxb2 31. Bb3 Kg6 32. a4 Nd7 33. Ra1 Nf6 34. Kf1 Nh5
35. a5 Nf4 36. Rd2 Bb8 37. f3 Nxd3 38. Rxd3 f5 39. a6 Ba7 40. Ke1 Kf6 41. Kd1
Ke5 42. Kc1 c4 43. Bxc4 Rb4 44. Bd5 fxe4 45. fxe4 Rb6 46. Rb3 Rf6 47. Rf3 Rf4
48. Rxf4 Kxf4 49. Ra3 g4 50. hxg4 Kxg4 51. Rb3 Bc5 52. Rb7 Kf4 53. a7 Bxa7 54.
Rxa7 Kg3 55. e5 Kf4 56. Re7 Kg3 57. Rh7 h3 58. Rxh3+ Kf4 59. e6 1-0

[Event "Challenge"]
[Site "http://www.queenalice.com/game.php?id=1036590"]
[Date "2012.3.6"]
[Round "-"]
[White "plot24"]
[Black "Nando_Oliveira"]
[Result "0-1"]
[WhiteElo "1868"]
[BlackElo "1891"]

1. d4 d5 2. c4 Bf5 3. Nf3 e6 4. cxd5 Qxd5 5. Nc3 Bb4 6. Bd2 Bxc3 7. Bxc3 Nc6 8.
Ne5 Nxe5 9. dxe5 Qxd1+ 10. Rxd1 Ne7 11. g3 Nc6 12. Bg2 O-O 13. O-O Rab8 14. h4
Rbd8 15. f3 Rxd1 16. Rxd1 a6 17. e4 Bg6 18. g4 h6 19. f4 b5 20. f5 exf5 21. exf5
Nxe5 22. Bxe5 Bh7 23. Bxc7 g6 24. fxg6 Bxg6 25. Bb7 Kh7 26. Bxa6 Ra8 27. Bxb5
Rxa2 28. Be5 Ra5 29. Rd5 Ra1+ 30. Kg2 Be4+ 0-1

[Event "AUTO-OPEN-2643"]
[Site "http://www.queenalice.com/game.php?id=1042587"]
[Date "2012.3.25"]
[Round "1"]
[White "Renatogr90"]
[Black "Nando_Oliveira"]
[Result "0-1"]
[WhiteElo "1548"]
[BlackElo "1904"]

1. e4 e5 2. Nf3 d6 3. Bc4 Be7 4. Nc3 Nf6 5. d4 exd4 6. Qxd4 Nc6 7. Qd3 Nb4 8.
Qe3 Nxc2+ 9. Kd2 Nxe3 10. fxe3 O-O 11. b3 a6 12. Rf1 b5 13. Bd5 Nxd5 14. exd5
Bf6 15. Rb1 Bf5 16. Rb2 b4 17. Nd4 Bxd4 18. Rxf5 Bxc3+ 19. Kc2 Bxb2 20. Bxb2 Qd7
21. Rg5 g6 22. e4 c6 23. dxc6 Qxc6+ 24. Kb1 Qxe4+ 25. Ka1 Qe1+ 26. Bc1 Qxc1# 0-1

[Event "AUTO-OPEN-2643"]
[Site "http://www.queenalice.com/game.php?id=1042588"]
[Date "2012.3.25"]
[Round "1"]
[White "Nando_Oliveira"]
[Black "Renatogr90"]
[Result "1-0"]
[WhiteElo "1906"]
[BlackElo "1546"]

1. e4 e5 2. Bc4 Nf6 3. d3 Nc6 4. Nc3 Bb4 5. Bd2 Bxc3 6. Bxc3 d5 7. exd5 Nxd5 8.
Bxd5 Qxd5 9. Nf3 e4 10. Qe2 f5 11. Rd1 Qxa2 12. dxe4 fxe4 13. Qxe4+ Be6 14. Ng5
Nd8 15. O-O Nf7 16. Qxe6+ Qxe6 17. Nxe6 Ke7 18. Nxg7 Rhg8 19. Rfe1+ Kf8 20. Ne6+
Ke7 21. Nxc7+ Kf8 22. Nxa8 Ng5 23. Rd8+ Kf7 24. Rxg8 Kxg8 25. Nc7 Nf7 26. Re8#
1-0

[Event "AUTO-OPEN-2643"]
[Site "http://www.queenalice.com/game.php?id=1042617"]
[Date "2012.3.25"]
[Round "1"]
[White "Nando_Oliveira"]
[Black "ricardobianchin"]
[Result "0-1"]
[WhiteElo "1863"]
[BlackElo "1892"]

1. e4 e5 2. Bc4 Nf6 3. d3 Nc6 4. Nf3 Bc5 5. h3 O-O 6. a3 d5 7. exd5 Nxd5 8. Nbd2
Bd7 9. Bxd5 Bf5 10. Bxc6 bxc6 11. b4 Bb6 12. Bb2 Qe7 13. Nc4 Rad8 14. Nfxe5 f6
15. Nxb6 axb6 16. f4 fxe5 17. Bxe5 Qh4+ 18. Kf1 Qg3 19. Qf3 Qg6 20. Bxc7 Qf6 21.
Be5 Qg6 22. Rd1 Ra8 23. Bb2 Qf7 24. Qg3 Bg6 25. Bc1 Rac8 26. Kf2 c5 27. bxc5
bxc5 28. Rhe1 c4 29. dxc4 Rxc4 30. Rd2 Rxf4+ 31. Kg1 Rc4 32. Rf2 Qxf2+ 33. Qxf2
Rxf2 34. Kxf2 Rxc2+ 35. Kg1 Bf7 36. Bf4 Ra2 37. Rc1 Bd5 38. Bd6 Rxg2+ 39. Kf1
Rg6 40. Bb4 Bg2+ 41. Kf2 Bxh3 42. Kf3 h5 43. Rc5 h4 44. Kf4 Bd7 0-1

[Event "AUTO-OPEN-2643"]
[Site "http://www.queenalice.com/game.php?id=1042618"]
[Date "2012.3.25"]
[Round "1"]
[White "ricardobianchin"]
[Black "Nando_Oliveira"]
[Result "1-0"]
[WhiteElo "1876"]
[BlackElo "1879"]

1. d4 d5 2. Nc3 e6 3. Nf3 Nf6 4. e3 Bd6 5. Bd3 a6 6. O-O Nc6 7. e4 dxe4 8. Nxe4
Nxe4 9. Bxe4 Bd7 10. Bg5 Be7 11. Qd2 Bxg5 12. Nxg5 h6 13. Nf3 Qf6 14. Rad1 O-O
15. c3 Rad8 16. d5 exd5 17. Qxd5 Be6 18. Qc5 Rxd1 19. Rxd1 Rd8 20. Ra1 Rd6 21.
Qe3 Qd8 22. Qe2 Bg4 23. h3 Be6 24. Qc2 f5 25. Bxf5 Bxf5 26. Qxf5 Rf6 27. Qg4 Qe7
28. Qc8+ Kh7 29. Re1 Qd8 30. Qxb7 Rg6 31. Qxa6 Ne5 32. Qb7 Nxf3+ 33. Qxf3 Qc8
34. b4 c6 35. a4 Rf6 36. Qe3 Rg6 37. Qd3 h5 38. a5 Kh6 39. a6 Qa8 40. Re5 c5 41.
Qd2+ 1-0

[Event "AUTO-ADV-2458"]
[Site "http://www.queenalice.com/game.php?id=1045022"]
[Date "2012.4.2"]
[Round "1"]
[White "Mainline_Novelty"]
[Black "Nando_Oliveira"]
[Result "0-1"]
[WhiteElo "1445"]
[BlackElo "1900"]

1. d4 d5 2. c4 Bf5 3. Nc3 e6 4. cxd5 exd5 5. Qb3 b6 6. Qxd5 Qxd5 7. Nxd5 Bd6 8.
Nf3 Nd7 9. Bf4 Bxf4 10. Nxf4 Ngf6 0-1

[Event "AUTO-ADV-2458"]
[Site "http://www.queenalice.com/game.php?id=1045023"]
[Date "2012.4.2"]
[Round "1"]
[White "Nando_Oliveira"]
[Black "Mainline_Novelty"]
[Result "1-0"]
[WhiteElo "1902"]
[BlackElo "1445"]

1. e4 c6 2. d4 d5 3. e5 c5 4. Nf3 Nc6 5. c3 cxd4 6. cxd4 Bf5 7. Nc3 e6 8. h3 h5
9. Bd3 Bxd3 10. Qxd3 Rc8 11. a3 Nge7 12. Bg5 1-0

[Event "AUTO-ADV-2458"]
[Site "http://www.queenalice.com/game.php?id=1045038"]
[Date "2012.4.2"]
[Round "1"]
[White "Rouletabosse"]
[Black "Nando_Oliveira"]
[Result "0-1"]
[WhiteElo "1720"]
[BlackElo "1941"]

1. Nf3 Nc6 2. a3 d6 3. d4 Bf5 4. c4 Nf6 5. Nc3 e6 6. Bg5 h6 7. Bxf6 Qxf6 8. e3
Be7 9. Bd3 Bxd3 10. Qxd3 O-O 11. O-O a6 12. b4 b6 13. Ne4 Qf5 14. Rfd1 d5 15.
cxd5 exd5 16. Nc3 Qxd3 17. Rxd3 Rad8 18. Rc1 Na7 19. Nb1 c6 20. Rdc3 Rc8 21. Ne5
Rc7 22. Nxc6 Nxc6 23. Rxc6 Rxc6 24. Rxc6 Rb8 25. Nc3 Kh7 26. Nxd5 Bd8 27. h3 a5
28. b5 Rb7 29. a4 f6 30. Kf1 Kg6 31. Nf4+ Kh7 32. d5 Kg8 33. e4 Kf7 34. Ne6 Be7
35. f3 g5 36. Nd4 Bc5 37. Nf5 Kg6 38. g4 Rf7 39. h4 gxh4 40. Nxh4+ Kg5 41. Nf5
h5 42. gxh5 Kxh5 43. d6 Rd7 44. Ke2 Kg5 45. Ne3 Kf4 46. Nd5+ Ke5 47. Kd3 Rxd6
48. f4+ Ke6 49. f5+ Ke5 50. Rc7 Rd8 51. Re7+ Bxe7 0-1

[Event "AUTO-ADV-2458"]
[Site "http://www.queenalice.com/game.php?id=1045039"]
[Date "2012.4.2"]
[Round "1"]
[White "Nando_Oliveira"]
[Black "Rouletabosse"]
[Result "1-0"]
[WhiteElo "1908"]
[BlackElo "1777"]

1. e4 e6 2. Bc4 d5 3. exd5 exd5 4. Bb5+ c6 5. Ba4 Nf6 6. d4 Be7 7. Nc3 O-O 8.
Nf3 Re8 9. O-O Bg4 10. h3 Bxf3 11. Qxf3 Nbd7 12. a3 Nb6 13. Bb3 Bd6 14. Bg5 Be7
15. Rfe1 h6 16. Bf4 Bd6 17. Rxe8+ Nxe8 18. Bxd6 Qxd6 19. Ne2 Nf6 20. c3 Re8 21.
Bc2 Nc4 22. b4 Ne4 23. Bxe4 Rxe4 24. Ng3 Re6 25. Qg4 Rg6 26. Qc8+ Qf8 27. Qxb7
a5 28. Nf5 Re6 29. Qd7 a4 30. b5 cxb5 31. Qxb5 Qa8 32. Qc5 Kh7 33. Ne7 Qe8 34.
Nxd5 Re1+ 35. Rxe1 Qxe1+ 36. Kh2 Nxa3 37. Qxa3 1-0

[Event "AUTO-ADV-2458"]
[Site "http://www.queenalice.com/game.php?id=1045050"]
[Date "2012.4.2"]
[Round "1"]
[White "Nando_Oliveira"]
[Black "Flamengo_Brasil"]
[Result "0-1"]
[WhiteElo "1914"]
[BlackElo "2137"]

1. e4 c5 2. Nc3 Nc6 3. Bc4 Nf6 4. d3 Ne5 5. Bb3 e6 6. Nf3 Bd6 7. Bd2 O-O 8. Bf4
Nxd3+ 9. cxd3 Bxf4 10. O-O d5 11. exd5 exd5 12. a3 Bg4 13. Re1 Qd6 14. g3 Bh6
15. Kg2 Rfe8 16. Rxe8+ Rxe8 17. h3 Bxf3+ 18. Qxf3 Qb6 19. Qd1 d4 20. Ne2 Rxe2
21. Bxf7+ Kxf7 22. Qxe2 Qe6 23. Qf3 Qb3 24. Qe2 c4 25. dxc4 d3 26. Qd1 Qxc4 27.
f4 Qc6+ 28. Qf3 Qc2+ 29. Kg1 Qxb2 30. Rd1 Qxa3 31. Qxb7+ Ke6 32. Qc8+ Kf7 33.
Qc4+ Kg6 34. Qxd3+ Qxd3 35. Rxd3 Kf5 36. Ra3 g6 37. Rxa7 Bf8 38. Kg2 Bc5 39. Ra5
Nd7 40. Kf3 Ke6 41. g4 Kd5 42. g5 Nf8 43. Ra2 Ne6 44. Rd2+ Nd4+ 45. Kg4 Ke4 46.
h4 Bd6 47. Rf2 Nf5 48. Re2+ Kd5 49. h5 Nd4 50. hxg6 hxg6 51. Re8 Ne6 52. Rg8
Nxf4 53. Rg7 Ke4 54. Rg8 Be5 55. Re8 Nd5 56. Re6 Ne3+ 57. Kh4 Kf5 58. Re8 Kf4
59. Rf8+ Nf5+ 0-1

[Event "AUTO-ADV-2458"]
[Site "http://www.queenalice.com/game.php?id=1045051"]
[Date "2012.4.2"]
[Round "1"]
[White "Flamengo_Brasil"]
[Black "Nando_Oliveira"]
[Result "1-0"]
[WhiteElo "2138"]
[BlackElo "1937"]

1. e4 e5 2. Nf3 d6 3. Nc3 Nc6 4. Bb5 Bd7 5. O-O a6 6. Bxc6 Bxc6 7. d4 Nf6 8. Qd3
Be7 9. dxe5 dxe5 10. Nxe5 Qxd3 11. cxd3 Rd8 12. Nxc6 bxc6 13. Rd1 Bb4 14. Bg5
Be7 15. Rac1 O-O 16. Ne2 c5 17. e5 Nd5 18. Bxe7 Nxe7 19. Rxc5 Nd5 20. Nc3 Nxc3
21. Rxc3 Rd7 22. Rc6 Ra8 23. d4 a5 24. d5 Re8 25. d6 cxd6 26. exd6 g6 27. f4
Red8 28. Kf2 f5 29. Rd5 Kf7 30. Rxa5 Rxd6 31. Rxd6 Rxd6 32. Ke3 Re6+ 33. Kf3 Kg7
34. b4 Rb6 35. b5 Kh6 36. a4 Kg7 37. Ra7+ Kh6 38. h3 Rd6 39. a5 Rd3+ 40. Ke2 Rd4
41. b6 Re4+ 42. Kf3 g5 43. b7 Rb4 44. Ra6+ Kh5 45. g4+ fxg4+ 46. hxg4+ Kh4 47.
Rh6# 1-0

[Event "AUTO-MASTER-1621"]
[Site "http://www.queenalice.com/game.php?id=1045381"]
[Date "2012.4.3"]
[Round "1"]
[White "leduar"]
[Black "Nando_Oliveira"]
[Result "0-1"]
[WhiteElo "1870"]
[BlackElo "1927"]

1. e4 e5 2. Nf3 d6 3. d4 Nf6 4. dxe5 dxe5 5. Qxd8+ Kxd8 6. Nxe5 Be6 7. Bd3 Nbd7
8. Bg5 Nxe5 9. Bxf6+ gxf6 10. O-O Nxd3 11. cxd3 Bg7 12. d4 c6 13. Nd2 Kc7 14. b3
Rad8 15. Nf3 Bg4 16. d5 Bxf3 17. gxf3 f5 18. Rac1 Rhg8 19. Kh1 fxe4 20. fxe4 Rd6
21. f4 f5 22. e5 Rxd5 23. Rcd1 Rxd1 24. Rxd1 Bh6 25. Rd4 Rd8 26. Rc4 Rd1+ 27.
Kg2 Rd2+ 28. Kg3 Rxa2 29. b4 Ra4 30. Kh4 Ra3 31. b5 Re3 32. Kh5 Rh3# 0-1

[Event "AUTO-MASTER-1621"]
[Site "http://www.queenalice.com/game.php?id=1045382"]
[Date "2012.4.3"]
[Round "1"]
[White "Nando_Oliveira"]
[Black "leduar"]
[Result "0-1"]
[WhiteElo "1933"]
[BlackElo "1866"]

1. e4 e5 2. Bc4 c6 3. Nc3 Nf6 4. d3 Bb4 5. Bd2 b5 6. Bb3 O-O 7. a3 Ba5 8. Nf3 d6
9. Ba2 Qe7 10. Ne2 Bxd2+ 11. Qxd2 Bg4 12. Qe3 d5 13. exd5 Bxf3 14. Qxf3 cxd5 15.
Ng3 b4 16. O-O bxa3 17. bxa3 Rd8 18. Rfe1 Nc6 19. Bb3 Nd4 20. Qe3 Nxb3 21. cxb3
d4 22. Qxe5 Qxe5 23. Rxe5 Rac8 24. Rb5 g6 25. Rb4 a5 26. Rb6 Nd5 27. Rb5 Ra8 28.
Ne4 f5 29. Ng5 Nf4 30. Rd1 Ne2+ 31. Kf1 Nc3 32. a4 Nxd1 33. Rb7 h6 34. Ne6 Rd6
35. Rg7+ Kh8 36. Rxg6 Re8 37. Rxh6+ Kg8 0-1

[Event "AUTO-MASTER-1621"]
[Site "http://www.queenalice.com/game.php?id=1045395"]
[Date "2012.4.3"]
[Round "1"]
[White "Nando_Oliveira"]
[Black "valdiluis"]
[Result "1-0"]
[WhiteElo "1917"]
[BlackElo "1924"]

1. e4 f5 2. exf5 Nf6 3. b3 e6 4. Qe2 Be7 5. fxe6 dxe6 6. Bb2 O-O 7. Nf3 Nc6 8.
d3 Bd6 9. Nbd2 b6 10. h3 e5 11. Nc4 e4 12. dxe4 Bb4+ 13. c3 Be7 14. Qd3 Ba6 15.
Qxd8 Raxd8 16. e5 Ne4 17. Be2 Bc5 18. Rf1 b5 19. Ne3 Bxe3 20. fxe3 Ng3 21. Rf2
Nxe2 22. Kxe2 Rfe8 23. Ng5 Nxe5 24. Rf5 Nd3 25. Ba3 Re5 26. Rxe5 Nxe5 27. Bb2
Rd7 28. Ne4 b4+ 29. c4 Bxc4+ 30. bxc4 Nxc4 31. Bd4 a5 32. Rc1 Nd6 33. Nxd6 cxd6
34. Rc8+ Kf7 35. Ra8 Rb7 36. Rxa5 b3 37. axb3 Rxb3 38. Ra7+ 1-0

[Event "AUTO-MASTER-1621"]
[Site "http://www.queenalice.com/game.php?id=1045396"]
[Date "2012.4.3"]
[Round "1"]
[White "valdiluis"]
[Black "Nando_Oliveira"]
[Result "1-0"]
[WhiteElo "1966"]
[BlackElo "1948"]

1. e4 e5 2. f4 d6 3. Nf3 Nc6 4. Bc4 h6 5. O-O Nf6 6. fxe5 Nxe5 7. Nxe5 dxe5 8.
d3 Bc5+ 9. Kh1 a6 10. Nc3 b5 11. Bb3 Rb8 12. Qf3 c6 13. Be3 Bxe3 14. Qxe3 Rb7
15. Qc5 Qd7 16. a4 b4 17. Ne2 Qe7 18. Qxc6+ Qd7 19. Qxd7+ Bxd7 20. Bc4 a5 21. b3
O-O 22. h3 Rc7 23. Rf3 Rd8 24. Raf1 Rc6 25. Ng3 Be6 26. Nf5 Bxf5 27. Rxf5 Rdd6
28. Rxe5 Rd8 29. Re7 Rf8 30. e5 Rxc4 31. dxc4 Ne4 32. Kh2 Ng5 33. Ra7 Ne4 34.
Rxa5 Rb8 35. Rb5 Rd8 36. Rxb4 Nd2 37. Rf2 Ne4 38. Re2 Rd4 39. a5 Nc5 40. Rb5 Ne6
41. a6 Nc7 42. a7 Rd7 43. Rb7 1-0

[Event "AUTO-MASTER-1621"]
[Site "http://www.queenalice.com/game.php?id=1045397"]
[Date "2012.4.3"]
[Round "1"]
[White "Nando_Oliveira"]
[Black "strutz"]
[Result "0-1"]
[WhiteElo "1919"]
[BlackElo "2294"]

1. e4 e6 2. d4 d5 3. e5 c5 4. Nf3 Qb6 5. Nc3 Bd7 6. Be2 Nc6 7. a3 cxd4 8. Nb5
Nxe5 9. Nbxd4 Nxf3+ 10. Bxf3 Nf6 11. O-O Bd6 12. b4 O-O 13. Be3 Qc7 14. g3 Rac8
15. Bg2 Ba4 16. Rc1 Qc3 17. Qd3 a6 18. Qxc3 Rxc3 19. Ra1 Rfc8 20. Rfc1 Nd7 21.
Ra2 Be5 22. Bf1 Bxd4 23. Bxd4 Rxc2 24. Rcxc2 Rxc2 25. Rxc2 Bxc2 26. h4 e5 27.
Bb2 Ba4 28. Bg2 Bc6 29. Kf1 f6 30. Ke2 Kf7 31. g4 Nf8 32. Bc1 Ne6 33. g5 f5 34.
h5 g6 35. hxg6+ hxg6 36. Kd3 e4+ 37. Ke2 d4 38. f3 e3 39. Kd3 Bb5+ 40. Kc2 Nf4
41. Bh1 Ke6 42. Kd1 Ba4+ 43. Ke1 Nd3+ 44. Kf1 Nxc1 45. Ke1 d3 0-1

[Event "AUTO-MASTER-1621"]
[Site "http://www.queenalice.com/game.php?id=1045398"]
[Date "2012.4.3"]
[Round "1"]
[White "strutz"]
[Black "Nando_Oliveira"]
[Result "1-0"]
[WhiteElo "2348"]
[BlackElo "1929"]

1. e4 e5 2. Nf3 d6 3. d4 exd4 4. Qxd4 Nc6 5. Bb5 Bd7 6. Bxc6 Bxc6 7. O-O Nf6 8.
Nc3 Be7 9. b3 O-O 10. Bb2 a6 11. Rad1 Re8 12. Rfe1 Bf8 13. a4 h6 14. Nd5 Nxd5
15. exd5 Rxe1+ 16. Rxe1 Bd7 17. h4 c5 18. dxc6 Bxc6 19. Nh2 Qd7 20. Ng4 f6 21.
c4 Qf7 22. f3 Bd7 23. Nf2 Qg6 24. Qd5+ Qf7 25. Qxb7 Re8 26. Rxe8 Qxe8 27. Kf1
Qc8 28. Qd5+ Kh8 29. Ne4 Bc6 30. Qd3 Bxe4 31. Qxe4 Qb8 32. Qd3 Qb4 33. h5 a5 34.
Bc1 Qc5 35. g4 Qe5 36. Bd2 Be7 37. Qd5 Qxd5 38. cxd5 Bd8 39. Ke2 Kg8 40. Kd3 Kf7
41. Kc4 Ke7 42. Kb5 Kd7 43. Bxa5 Be7 44. Bb6 Kc8 45. Kc6 Bf8 46. Bc7 Be7 47. a5
Bd8 48. Bxd8 Kxd8 49. a6 Kc8 50. a7 1-0